Soft Skills (Record no. 74527)

MARC details
000 -LEADER
fixed length control field 00450nam a2200157Ia 4500
008 - FIXED-LENGTH DATA ELEMENTS--GENERAL INFORMATION
fixed length control field 221007s9999 xx 000 0 und d
020 ## - INTERNATIONAL STANDARD BOOK NUMBER
International Standard Book Number 978-81265-5639-7
041 ## - LANGUAGE CODE
Language code of text/sound track or separate title eng
082 ## - DEWEY DECIMAL CLASSIFICATION NUMBER
Classification number 158.1
Item number CHA
100 ## - MAIN ENTRY--PERSONAL NAME
Personal name Chauhan G S & Sharma S
9 (RLIN) 103604
245 ## - TITLE STATEMENT
Title Soft Skills
Remainder of title An Integrated Approach To Maximise Personality
260 ## - PUBLICATION, DISTRIBUTION, ETC. (IMPRINT)
Date of publication, distribution, etc. 2016
Name of publisher, distributor, etc. Wiley India (p) Ltd
Place of publication, distribution, etc. New Delhi
300 ## - PHYSICAL DESCRIPTION
Extent 244p
520 ## - SUMMARY, ETC.
Summary, etc. B14030 June 2016
906 ## - LOCAL DATA ELEMENT F, LDF (RLIN)
a 111.72
b General
Holdings
Withdrawn status Lost status Damaged status Not for loan Home library Current library Date acquired Vendor Total Checkouts Full call number Barcode Date last seen Bill Date Koha item type Original Barcode
        Smt. Hiraben Nanavati Institute of Management & Research for Women Smt. Hiraben Nanavati Institute of Management & Research for Women 30/03/2016 Pritam Book Centre   158.1 CHA HIMR-AV-2172 07/10/2022 07/10/2022 Video Casset AV2172